000 00900nam a22002531 4500
001 105389
003 ES-MaACL
005 20240227093515.0
007 t|
008 060704s1977 sp ||||0| spa d
020 _a84-7366-088-9
080 _a327.32(46)"1902/36"
245 0 0 _aTeoría y práctica del movimiento obrero en España (1900-1936) /
_cManuel Tuñón de Lara ... [et al.] ; ed. a cargo de Albert Balcells.
260 _aValencia :
_bFernando Torres,
_c[1977]
300 _a329 p. ;
_c22 cm.
490 1 _aInterdisciplinar 2 ;
_v49
504 _aReferencias bibliográficas.
650 1 4 _aMovimiento obrero-
_zEspaña-
_vHistoria.
_915214
700 0 _aTuñón de Lara, Manuel,
_d1915-1997
_9111681
700 1 _aBalcells, Albert.
_924860
830 1 _aInterdisciplinar 2 ;
_v49
_9185018
852 _aES-MaACL
_jAND-185
_z- Biblioteca Juan Andrade.
999 _c105389
_d105389